| 000 | 00533 a2200205 4500 | ||
|---|---|---|---|
| 005 | 20240520145551.0 | ||
| 010 | _aB-759122 | ||
| 020 |
_a9789354715228 _c650.00 |
||
| 035 | _aB-759122 | ||
| 037 | _bGift | ||
| 082 | _aN | ||
| 100 |
_aSutherland, Tuit _966474 |
||
| 245 |
_aWings of Fire The Graphic Novel/ _cTuit Sutherland |
||
| 260 |
_aNew York _bScholastic _c2023 |
||
| 270 |
_aNew York _bNew York |
||
| 300 |
_a218 p. _c23 cm(Pb) |
||
| 700 | _966471 | ||
| 942 |
_adpl _cCH _2ddc _hN _mSUT |
||
| 999 |
_c203025 _d203025 |
||